Jayson Tatum Quiz-2025 - Statistics

General Stats
  • This quiz has been taken 78 times
  • The average score is 10 of 15
Answer Stats
Hint Answer % Correct
With what pick? 3rd
100%
Who drafted him? Boston Celitcs
90%
How many championships does he have? 1
87%
How many gold-medals does he have? 2
87%
How many All-NBA teams has he made? 4
82%
How many all-star games has he made? 6
82%
What college did he attend? Duke
82%
What is his sons' name Deuce
77%
In which draft? 2017
73%
Tatum has the record for most points scored in a game seven. How many was it? 51
65%
Where was he born St. Louis Missouri
55%
Who was his first game against? Cavaliers
43%
What is his nickname? The anomaly
30%
What is Jayson Tatum's birthday? March 3, 1998
25%
Who was ranked above Tatum in high school? Harry Giles and Josh Jackson
5%
No matching quizzes found
Score Distribution
Percent of People with Each Score
Percentile by Number Answered
Your Score History
You have not taken this quiz